|
|
|
|
| LEADER |
00000nam0a2200000 4500 |
| 001 |
261086 |
| 005 |
20231101233532.0 |
| 010 |
|
|
|a 5120003060
|
| 035 |
|
|
|a (RuTPU)RU\TPU\book\284059
|
| 090 |
|
|
|a 261086
|
| 100 |
|
|
|a 20140521d1988 km y0rusy50 ca
|
| 101 |
0 |
|
|a rus
|
| 102 |
|
|
|a UA
|
| 105 |
|
|
|a a g 001zy
|
| 200 |
1 |
|
|a Сварочные шлаки
|e справочное пособие
|f В. В. Подгаецкий, В. Г. Кузьменко
|g Академия наук Украинской ССР (АН УССР), Институт электросварки им. Е. О. Патона (ИЭС)
|
| 210 |
|
|
|a Киев
|c Наукова думка
|d 1988
|
| 215 |
|
|
|a 153 с.
|c ил.
|
| 320 |
|
|
|a Библиогр.: с. 236-248
|
| 606 |
1 |
|
|a Сварочные шлаки
|2 stltpush
|3 (RuTPU)RU\TPU\subj\54050
|9 72212
|
| 610 |
1 |
|
|a справочники
|
| 610 |
1 |
|
|a свойства
|
| 610 |
1 |
|
|a назначение
|
| 610 |
1 |
|
|a сварочные ванны
|
| 610 |
1 |
|
|a температура
|
| 610 |
1 |
|
|a расчет
|
| 610 |
1 |
|
|a энтропия
|
| 675 |
|
|
|a 621.791.04(035)
|v 3
|
| 700 |
|
1 |
|a Подгаецкий
|b В. В.
|g Владимир Владимирович
|
| 701 |
|
1 |
|a Кузьменко
|b В. Г.
|g Владимир Григорьевич
|
| 712 |
0 |
2 |
|a Академия наук Украинской ССР (АН УССР)
|b Институт электросварки им. Е. О. Патона (ИЭС)
|c (Киев)
|2 stltpush
|3 (RuTPU)RU\TPU\col\13726
|
| 801 |
|
1 |
|a RU
|b 63413507
|c 20140521
|
| 801 |
|
2 |
|a RU
|b 63413507
|c 20181207
|g RCR
|
| 942 |
|
|
|c BK
|